Score 0/20 Timer 06:00
2 Plays Today
Question Answer Wrong Answers
The Nutty Professor
The main character is obese
1996's remake
87.6%
1963's original
6.2%
King Kong
The film's climax is set atop the South Tower of the World Trade Center.
1976's remake
86.8%
1933's original
13.1%
Planet of the Apes
The film is actually set on planet Earth
1968's original
77.6%
2001's remake
21.1%
The Karate Kid
The kid learns karate
1984's original
75.2%
2010's remake
17.2%
The Italian Job
The gang ends up stuck on a bus dangling over a cliff, with the gold seemingly out of reach
1969's original
71.1%
2003's remake
21.4%
RoboCop
Murphy is left for dead after being shot
1987's original
71.1%
2014's remake
22.3%
Scarface
The main character is an Italian immigrant
1932's original
66.9%
1983's remake
28.8%
The Thing from Another World / The Thing
The film begins in Antarctica
1982's remake
64.6%
1951's original
27.8%
Ocean's Eleven
The plan consists of simultaneously robbing five casinos
1960's original
62.2%
2001's remake
35.7%
Freaky Friday
The film's climax is set during the mother's rehearsal dinner
2003's remake
61%
1976's original
32.7%
The Fly
The main character is trapped in a spider's web
1958's original
56.3%
1986's remake
40.7%
True Grit
Mattie never sees Rooster Cogburn after receiving medical treatment
2010's remake
56.2%
1969's original
38.9%
Here Comes Mr. Jordan / Heaven Can Wait
The main character is a boxer
1941's original
56.2%
1978's remake
39.8%
Cape Fear
Bowden is Cady's attorney
1991's remake
56%
1962's original
36.8%
The Thomas Crown Affair
Crown flies away in a jet, alone, at the end
1968's original
55.7%
1999's remake
37.3%
The Ladykillers
The heist's target is a casino
2004's remake
53.1%
1955's original
45.8%
Invasion of the Body Snatchers
Bennell becomes a pod person at the end
1978's remake
49.7%
1956's original
43%
The Manchurian Candidate
Marco does not kill Shaw, who commits suicide after assassinating his own parents
1962's original
48.1%
2004's remake
45.6%
3:10 to Yuma
Evans successfully boards the train after shooting down the other outlaws
1957's original
41.1%
2007's remake
51.1%
Mr. Deeds Goes to Town / Mr. Deeds
Deeds is the sole heir to his uncle's fortune
1935's original
35.5%
2002's remake
59%
Remove Ads.
Support Sporcle.
Get the best of Sporcle when you Go Orange. This ad-free experience offers more features, more stats, and more fun while also helping to support Sporcle. Thank you for becoming a member.

You're not logged in!

Compare scores with friends on all Sporcle quizzes.
OR
Log In

Show Comments

Extras

Top Quizzes Today


Score Distribution

Your Account Isn't Verified!

In order to create a playlist on Sporcle, you need to verify the email address you used during registration. Go to your Sporcle Settings to finish the process.

Report this User

Report this user for behavior that violates our Community Guidelines.

Details: